000 00861nam a2200217 a 4500
001 54910
003 BD-RjUL
005 20211209080204.0
008 161112s1977 bg ||||| |||| 00| 0 ben d
035 _a(BD-RjUL)55032
040 _aBD-RjUL
_bben
_cBD-RjUL
_dBD-RjUL
041 _aben
082 _223
_a625.1
_bHUR 1977
100 _aহক, শরীফ মহম্মদ নাজমুল
_9163691
245 1 0 _aরেলসড়ক ইঞ্জিনিয়ারিং /
_cশরীফ মহম্মদ নাজমুল হক,
260 _aঢাকা :
_bবাংলা একাডেমী,
_c১৯৭৭.
300 _a[১৮], ৩৯৭ পৃ. :
_bচিত্র ;
_c২৩ সেমি.
650 _aরেলসড়ক ইঞ্জিনিয়ারিং
_9163692
650 _aRailroad Engineering
_9163693
942 _2ddc
_cBK
999 _c54910
_d54910